| 000 | 00618nam a2200193Ia 4500 | ||
|---|---|---|---|
| 003 | GCL | ||
| 008 | 140319s9999 xx 000 0 ara d | ||
| 040 |
_aGCL / _cGCL |
||
| 082 | 0 | 4 |
_a491.7 _bع ر |
| 100 | 1 | _aعمر التنجى | |
| 245 | 1 | 0 |
_aالروسية من دون معلم / _cعمر التنجى |
| 250 | _aالاولى | ||
| 260 |
_aبيروت : _bدار الفكر العربى ، _c1993 |
||
| 300 |
_a119 ص ؛ _c20 سم |
||
| 490 |
_aسلسلة تعليم اللغات _v0 |
||
| 650 | 0 | 4 | _aاللغة الروسية |
| 650 | 0 | 4 | _aاللغة الروسية - تعليم وتدريس |
| 942 |
_2ddc _cBK |
||
| 999 |
_c44523 _d44523 |
||